| 000 | 01010nam a2200265Ia 4500 | ||
|---|---|---|---|
| 001 | 9892 | ||
| 003 | GE_BSU | ||
| 008 | 181216s||||||||xx |||||||||||||| ||und|| | ||
| 020 | _a9992898682 | ||
| 040 | _cGE_BSU | ||
| 080 | _a821.353.1-31 | ||
| 100 | _aმორჩილაძე,აკა | ||
| 245 | _aძირს სიმინდის რესპუბლიკია:ერთმანეთზე გადაწებებული ამონაჭრების კრებული | ||
| 245 | _bრომანი | ||
| 245 | _cყდის დიზაინი: თამაზ ვარვარიძე | ||
| 250 | _a1-ლი გამოც. | ||
| 260 | _aთბილისი. | ||
| 260 | _bბაკურ სულაკაურის გამ-ბა. | ||
| 260 | _c2003. | ||
| 300 | _a160გვ;20სმ. | ||
| 541 | _h7ლ.20თ. | ||
| 653 | _aრომანი | ||
| 653 | _aძირს სიმინდის რესპუბლიკია | ||
| 942 | _cBK | ||
| 999 |
_c43170 _d43170 |
||